| 000 | 01141nas a2200337 4500 | ||
|---|---|---|---|
| 001 | BR2012009705 | ||
| 003 | BR-BrBNA | ||
| 005 | 20231205121706.0 | ||
| 007 | ta | ||
| 008 | 230509b bl.|||p| |||| 00| 00por d | ||
| 040 |
_aBR-BrBNA _bpor _cBiblioteca Nacional de Agricultura |
||
| 041 | _a(Pt) | ||
| 072 | _aL73 | ||
| 100 | 1 | _aSilva, E.F. | |
| 100 | 1 | _aSeyffert, N. | |
| 100 | 1 | _aJouglard, S.D.D. | |
| 100 | 1 | _aAthanazio, D.A. | |
| 100 | 1 | _aDellagostin, O.A. | |
| 100 | 1 | _aBrod, C.S. | |
| 245 | 1 | _aSoroprevalência da infecção leptospiral em capivaras (Hydrochoerus hydrochaeris)abatidas em um frigorífico do Rio Grande do Sul | |
| 246 | 1 | _aSeroprevalence of leptospiral infection in capybaras (Hydrochoerus hydrochaeris)in a slaughterhouse of Rio Grande do Sul, Brazil | |
| 650 | _aCAPIVARA | ||
| 650 | _aLEPTOSPIROSE | ||
| 650 | _aDOENÇA ANIMAL | ||
| 650 | _aBACTÉRIA | ||
| 650 | _aAGLUTININA | ||
| 650 | _aANTICORPO | ||
| 773 | 0 |
_tPesquisa Veterinária Brasileira (Brazil) _xISSN 0100-736X _g(Mar 2009), v. 29(3) p. 174-176 _wBR2012009705 |
|
| 909 |
_a202311 _bLúcia _c55 _dLúcia Elande |
||
| 942 |
_2AGRIS _n0 _cANA |
||
| 999 |
_c224753 _d224753 |
||